00693nam a22002057a 4500001000700000003000900007005001700016007000700033008002800040020001800068040002200086082002600108100003300134245013600167260006500303300002100368600004700389650002400436700002700460001100DO-SdBNP20231031105030.0001100160809b 2009 cl 00| 0 spa d a9789587048704 aBPMSUbspacBPMSU 4a869.4bS243c 20092221 aSaramago, Joséd1922-2010 13aEl cuaderno :btextos escritos para el blog. septiembre de 2008 - Marzo de 2009 / cJosé Saramago ; traducción Pilar del Río aBogotá, Colombia :bSantillana Ediciones Generales,c2009. a229 p. ;c21 cm.14aSaramago, José, d1922-2010xBlogs. 3  4aEnsayos portugueses1 aRío, Pilar del etr.